000 00317 a2200157 4500
001 192662
020 _a978-85-10-04412-7-7
040 _cMagnum
100 _aSiguemoto, Regina
240 1 0 _aO torĂ³
_lpor
245 1 0 _aO torĂ³
300 _a16
362 0 _a2008
697 _aLITERATURA INFANTIL
942 _cBK
999 _c192662
_d192662